Normal view
MARC view
Entry Personal Name
001 - CONTROL NUMBER
- control field: 15882
003 - CONTROL NUMBER IDENTIFIER
- control field: dpl
005 - DATE AND TIME OF LATEST TRANSACTION
- control field: 20100821121406.0
008 - FIXED-LENGTH DATA ELEMENTS
- fixed length control field: 100821|||a|||||| | ||| d
040 ## - CATALOGING SOURCE
- Original cataloging agency: dpl
- Transcribing agency: dpl
100 ## - HEADING--PERSONAL NAME
- Personal name: वर्मा, रामचन्द्र
- Fuller form of name: वर्मा शास्त्री, रामचन्द्र
670 ## - SOURCE DATA FOUND
- Source citation: Work cat.: (dpl)32096: जयदेव 15879, गीतगोविन्द /, 2009
670 ## - SOURCE DATA FOUND
- Source citation: Work cat.: (dpl)32096: जयदेव 15879, गीतगोविन्द /, 2009
